| 000 | 00375nam a22001697a 4500 | ||
|---|---|---|---|
| 003 | SGT | ||
| 020 | _a9789392544026 | ||
| 082 |
_a615.53 _bC23A |
||
| 100 | _aACHARYA, RABINARAYAN | ||
| 245 | _aCARAKA SAMHITA | ||
| 250 | _a1ST | ||
| 260 |
_aNEW DELHI _bCCRAS _c2023 |
||
| 300 | _a312 | ||
| 650 | _aAYURVEDA | ||
| 653 | _aSAMHITA, CHARAKA, CARAKA SAMHITA | ||
| 942 |
_2ddc _cBK |
||
| 999 |
_c34713 _d34713 |
||